000 00241nam a22000857a 4500
008 160827b xxu||||| |||| 00| 0 eng d
100 _9253
_aJaisingh S
245 _aPractice Questions in Mathematics-VI
260 _aNew Delhi
_bArya publication
_c2012
999 _c2909
_d2909